Statistiques concernant Un compte à rebours difficile #3

Cliquez ici pour prendre le quiz!

Statistiques générales

  • Ce quiz a été pris 61 fois
  • Le résultat moyen est 8 sur 9

Statistiques - réponses

#% Correct
67
100%
78
100%
89
100%
56
98%
45
94%
34
92%
23
85%
12
72%
1
62%

Distribution des résultats

Percentile par nombre de réponses

% des personnes avec chaque résultat

Votre développement - résultats

Vous n’avez pas pris ce quiz